00991cam a22002891 45000010005000000030008000050050017000130080039000300350018000690400027000870410008001140820020001221000025001422450070001672500012002372600062002493000035003115000080003465040039004266500038004656500011005036500036005146500027005507000019005777000037005967000068006338777BD-RjUL20211208234641.0140119s1968 nyua b 001 0 eng a(BD-RjUL)8822 aDLCcDLCdBD-RjULbeng aeng00a332.1bSHM 196810aShapiro, Eli,d1916-10aMoney and banking /cEli Shapiro, Ezra Solomon, William L. White. a5th ed.0 aNew York ;aLondon :bHolt, Rinehart and Winston,cc1968. axvii, 715 p. :bill. ;c24 cm. aA revision of Money and banking, by W. H. Steiner, first published in 1933. aIncludes bibliographies and index. 0aBanks and bankingzUnited States. 0aMoney. 0aMonetary policyzUnited States. 0aInternational finance.1 aSolomon, Ezra.1 aWhite, William L.q(William Leo)1 aSteiner, William Howard,d1894-1966.tMoney and banking.f1968.